Leader xxxxxxxxxx
001 __ PCLIS00034177
005 __ 20211214133202.0
009 __ |a(CIP)92014947
010 0_ |a957-607-967-5|b平裝|dNT$240
050 __ |a101493939
100 __ |a20030822d2003 m y0chib09 e
101 0_ |achi
102 __ |atw
105 __ |aa z 000cy
200 1_ |a發現謙卑的力量|f吳若權著
205 __ |a初版
210 __ |a臺北市|c圓神|d2003[民92]
215 0_ |a231面|c部分彩圖|d21公分|e1 CD
225 1_ |a吳若權書房|v6
300 __ |a本館最新館藏為2004年13刷
681 __ |a855|b8854
681 __ |a855|b8854|v增訂七版
700 _1 |a吳|b若權|4著
801 _0 |atw|bCIP|c20030818|gCCR
801 _1 |atw|bCIP|c20030818|gCCR
801 _2 |atw|b中圖|c20031120|gCCR
801 _1 |atw|b內湖高中|c20040408|gCCR
801 _2 |atw|b內湖高中|c20040408|gCCR
|